Andrew Lloyd Webber - Every UK Hit Single - Statistics

General Stats
  • This quiz has been taken 8 times
  • The average score is 10 of 32
Answer Stats
Album/Musical/Film/Event Artist Song Other Writer(s) Peak Chart Position Year of Hit % Correct
Cats Elaine Paige Memory T. S. Eliot & Trevor Nunn 6 1981
100%
The Phantom of the Opera Sarah Brightman & Steve Harley The Phantom of the Opera Richard Stilgoe & Mike Batt 7 1986
100%
Joseph & the Amazing Technicolor Dreamcoat Jason Donovan Any Dream Will Do Tim Rice 1 1991
88%
Evita Julie Covington Don't Cry for Me Argentina Tim Rice 1 1977
88%
Jesus Christ Superstar Yvonne Elliman I Don't Know How to Love Him Tim Rice 47 1971
75%
The Phantom of the Opera Michael Crawford The Music of the Night Charles Hart & Richard Stilgoe 7 1987
63%
Joseph & the Amazing Technicolor Dreamcoat Phillip Schofield Close Every Door Tim Rice 27 1992
50%
Whistle Down the Wind Boyzone No Matter What Jim Steinman 1 1998
50%
Sunset Boulevard Michael Ball Sunset Boulevard Don Black & Christopher Hampton 72 1993
50%
The Phantom of the Opera Cliff Richard & Sarah Brightman All I Ask of You Charles Hart & Richard Stilgoe 3 1986
38%
Evita Barbara Dickson Another Suitcase in Another Hall Tim Rice 18 1977
38%
Evita David Essex Oh What a Circus Tim Rice 3 1978
38%
Whistle Down the Wind Tina Arena Whistle Down the Wind Jim Steinman 24 1998
38%
1992 Summer Olympics José Carreras & Sarah Brightman Amigos Para Siempre Don Black 11 1992
25%
Aspects of Love Michael Ball Love Changes Everything Charles Hart & Don Black 2 1989
25%
Requiem Sarah Brightman & Paul Miles-Kingston Pie Jesu Traditional 3 1985
25%
Jesus Christ Superstar Murray Head Superstar Tim Rice 47 1971
25%
Tell Me on a Sunday Marti Webb Tell Me on a Sunday Don Black 67 1980
25%
Sunset Boulevard Barbra Streisand As If We Never Said Goodbye Don Black & Christopher Hampton 20 1994
13%
The Woman in White Duncan James & Keedie I Believe My Heart David Zippel 2 2004
13%
Eurovision Song Contest 2009 Jade Ewen It's My Time Diane Warren 27 2009
13%
Tell Me on a Sunday Marti Webb Take That Look Off Your Face Don Black 3 1980
13%
Sunset Boulevard Dina Carroll The Perfect Year Don Black & Christopher Hampton 5 1994
13%
The Phantom of the Opera Sarah Brightman Wishing You Were Somehow Here Again Charles Hart & Richard Stilgoe 7 1987
13%
Evita Madonna You Must Love Me Tim Rice 10 1996
13%
Aspects of Love Sarah Brightman Anything But Lonely Charles Hart & Don Black 79 1989
0%
1978 FIFA World Cup San Jose featuring Rodriguez Argentina Argentine Melody (Cancion de Argentina) - 14 1978
0%
The Beautiful Game Hannah Our Kind of Love Ben Elton 41 2000
0%
Diamond Jubilee of Elizabeth II Gary Barlow & The Commonwealth Band featuring Military Wives Sing Gary Barlow 1 2012
0%
- Doctor Spin Tetris Nikolay Nekrasov & Hirokazu Tanaka & Nigel Wright 6 1992
0%
Aspects of Love Michael Ball & Diana Morrison The First Man You Remember Charles Hart & Don Black 68 1989
0%
Song & Dance Sarah Brightman Unexpected Song Don Black 76 1984
0%
No matching quizzes found
Score Distribution
Percent of People with Each Score
Percentile by Number Answered
Your Score History
You have not taken this quiz